Dioses zapotecos = Zapotec Gods /

Folleto sobre el mundo religioso de los zapotecos, grupo que se asentó en los valles de Oaxaca hacia el año 900 a.C. Acompañadas por breves textos, aparecen una quincena de fotografías e ilustraciones de urnas funerarias y esculturas alusivas a los dioses de la mitología zapoteca.

Gorde:
Xehetasun bibliografikoak
Egile nagusia: Ramón, Adela (autor)
Formatua: Liburua
Hizkuntza:gaztelania
Saila:(Colección Breve ; 12)
Gaiak:
Etiketak: Etiketa erantsi
Etiketarik gabe, Izan zaitez lehena erregistro honi etiketa jartzen!

MARC

LEADER 00000nam^a2200000^a^4500
001 000099988
005 20250521000000.0
009 20260310093149.273
037 |a Acervo ITESO - Biblioteca 
041 |a ESP 
082 |a 972. 7401  |b RAM 
100 |a Ramón, Adela  |e (autor) 
245 1 0 |a Dioses zapotecos =  |b Zapotec Gods /  |c A. Ramón ; tr. por Doris Heyden. 
264 |a México :  |b Museo Nacional de Antropología :  |b Secretaría de Educación Pública,  |c 1972 
300 |a 30 p. 
336 |a texto  |b txt  |2 rdacontenido 
337 |a sin mediación  |b n  |2 rdamedio 
338 |a volumen  |b nc  |2 rdasoporte 
440 1 |a (Colección Breve ;  |v 12) 
520 |a Folleto sobre el mundo religioso de los zapotecos, grupo que se asentó en los valles de Oaxaca hacia el año 900 a.C. Acompañadas por breves textos, aparecen una quincena de fotografías e ilustraciones de urnas funerarias y esculturas alusivas a los dioses de la mitología zapoteca. 
546 |a Edición bilingüe español-inglés 
649 |a XX 
650 |a Zapotecas -  |x Historia 
650 |a Indígenas de México -  |z Oaxaca -  |x Historia 
650 |a Urnas Funerarias -  |z Oaxaca 
650 |a Urnas Funerarias -  |z México 
650 |a Arte Funerario -  |z Oaxaca 
650 |a Arte Funerario -  |z México 
650 |a Arte Religioso -  |z Oaxaca 
650 |a Arte Religioso -  |z México 
650 |a Arte Zapoteca y Mixteca 
650 |a Arte Prehispánico -  |z Oaxaca 
650 |a Arte Prehispánico -  |z México 
650 |a Arte Mexicano 
650 |a Mitología Zapoteca 
650 |a Imágenes Religiosas -  |z Oaxaca 
650 |a Imágenes Religiosas -  |z México 
650 |a Religión -  |z Oaxaca -  |x Historia 
650 |a Religión -  |z México -  |x Historia 
650 |a Prácticas Culturales -  |z Oaxaca 
650 |a Prácticas Culturales -  |z México 
650 |a Oaxaca -  |x Historia -  |y Epoca Prehispánica 
650 |a México -  |x Historia -  |y Epoca Prehispánica 
910 |a Fondo Jesús Rodríguez 
920 |a Impresos - Libros 
930 |a Fondos Especiales 
905 |a 113 
901 |a 0500036034  |b IT2  |c ESP  |u 20250521 
902 |a https://opac.biblio.iteso.mx/vufind/Record/000099988